000 00640nam a2200253Ia 4500
003 OSt
005 20220918191759.0
006 a|||||r|||| 00| 0
007 ta
008 220917b |||||||| |||| 00| 0 eng d
024 _a64,991
037 _cTextual
040 _aARTS
_cARTS
_beng
041 _2eng
_aeng
082 _aQ4v, M0 (Q4)
100 _aConze Edward
245 0 _aShort history of Buddhism
260 _aLondon
_bGeorge Allen and Unwin
_c1980
300 _a135p.
_ccm.
500 _aBib 133-35p
650 _aRELIGION
942 _hQ4v, M0 (Q4)
_cTEXL
_2CC
999 _c191329
_d191329